Aktuálne z autorského práva

Aktuálny pohľad na oblasť verejného prenosu a sprístupňovania diel verejnosti v období digitálnych technologií. Problematika licencií Creative Commons a Uber.

Guardado en:
Detalles Bibliográficos
Autor principal: Bednárik, Richard
Formato: Capítulo de libro
Lenguaje:eslovaco
Materias:
Etiquetas: Agregar Etiqueta
Sin Etiquetas, Sea el primero en etiquetar este registro!

MARC

LEADER 00000naa a2200000 4500
001 0234876
005 20220805073539.3
041 0 |a slo 
044 |a SK 
245 1 0 |a Aktuálne z autorského práva  |c Richard Bednárik 
520 |a Aktuálny pohľad na oblasť verejného prenosu a sprístupňovania diel verejnosti v období digitálnych technologií. Problematika licencií Creative Commons a Uber. 
610 2 0 |a právo autorské 
610 2 0 |a vlastníctvo duševné 
610 2 0 |a technológie informačné 
610 2 0 |a licencie 
610 2 0 |a diela autorské 
100 1 |a Bednárik, Richard